A study of Jean-Jacques Bernard's (Record no. 36489)

MARC details
000 -LEADER
campo de control de longitud fija 00618nam a2200193 i 4500
001 - NÚMERO DE CONTROL
campo de control 36489
003 - IDENTIFICADOR DE NÚMERO DE CONTROL
campo de control ES-MaACL
005 - FECHA Y HORA DE LA ÚLTIMA TRANSACCIÓN
campo de control 20230906155400.0
007 - CAMPO FIJO DE DESCRIPCIÓN FÍSICA--INFORMACIÓN GENERAL
campo de control de longitud fija t|
008 - DATOS DE LONGITUD FIJA--INFORMACIÓN GENERAL
campo de control de longitud fija 030218s1977 xxu ||||1| eng d
100 1# - ENTRADA PRINCIPAL--NOMBRE DE PERSONA
Nombre de persona Brandford, Kester Adrian.
9 (RLIN) 31342
245 12 - MENCIÓN DEL TÍTULO
Título A study of Jean-Jacques Bernard's
Resto del título : thèâtre de l'inexprimé /
Mención de responsabilidad, etc. by Kester Adrian Branford.
260 ## - PUBLICACIÓN, DISTRIBUCIÓN, ETC.
Lugar de publicación, distribución, etc. Mississippi :
Nombre del editor, distribuidor, etc. University of Mississippi,
Fecha de publicación, distribución, etc. 1977.
300 ## - DESCRIPCIÓN FÍSICA
Extensión 245 p. ;
Dimensiones 23 cm.
490 1# - MENCIÓN DE SERIE
Mención de serie Romance monographs ;
Designación de volumen o secuencia 24
830 0# - PUNTO DE ACCESO ADICIONAL DE SERIE-TÍTULO UNIFORME
Título uniforme Romance monographs ;
Designación de volumen o secuencia 24
9 (RLIN) 181646
852 ## - LOCALIZACIÓN
Ubicación ES-MaACL
Número de control de estantería A-7569
Sublocalización o colección R.96237
Holdings
Estatus retirado Estado de pérdida Estado de daño No para préstamo Biblioteca de origen Biblioteca actual Ubicación en estantería Fecha de adquisición Fuente de adquisición Total de préstamos Signatura topográfica completa Código de barras Visto por última vez Precio de reemplazo Tipo de ítem Koha
        Biblioteca del Ateneo de Madrid Biblioteca del Ateneo de Madrid Sala Pecera Planta 1 17/01/2008     A-7569 1038331 23/02/2023 23/02/2023 Libro impreso